Seminari sobre la restauració de bens culturals : pintura damunt llenç / pintura damunt llenç /
Descripción Física:
72 f. : mecanografiats ; 30 cm
Materias:
Pintura -- Conservació i restauració
MARC
| LEADER | 00000nam a2200000Ia 4500 | ||
|---|---|---|---|
| 001 | 7832 | ||
| 003 | BGR | ||
| 005 | 20260324175208.0 | ||
| 008 | 160829s1988 xx 000 0 cat d | ||
| 080 | |a B-1-44 | ||
| 100 | |a Pradell i Ventura, Joaquim |9 19602 | ||
| 245 | |a Seminari sobre la restauració de bens culturals : |b pintura damunt llenç / |c per Joaquim Pradell i Ventura | ||
| 260 | |a Barcelona : |b Diputació de Barcelona, Escola d'Arts i Oficis, |c 1988 | ||
| 300 | |a 72 f. : |b mecanografiats ; |c 30 cm | ||
| 650 | |a Pintura |x Conservació i restauració |9 19603 | ||
| 710 | 2 | |a Escola d'Arts i Oficis (Barcelona, Catalunya) |9 55874 | |
| 901 | |a Arxiu | ||
| 942 | |n 1 |2 udc |c MON | ||
| 952 | |0 0 |1 0 |4 0 |6 B144 |7 1 |9 41283 |a Arxiu |b Arxiu |d 2016-12-01 |l 0 |o B-1-44 |p 7832 |r 2016-12-01 00:00:00 |w 2016-12-01 |y ARXIU | ||
| 999 | |c 43066 |d 43066 | ||